| Tag |
First Indicator |
Second Indicator |
Subfields |
| LEADER |
00000cas a2200000 4500 |
| 001 |
in00000071197 |
| 005 |
20170928131522.0 |
| 008 |
791101d19311981nyumn p 0 a0eng |
| 010 |
|
|
|a a 40002787
|z sc 79003987
|
| 015 |
|
|
|a 012269662
|2 dnb
|
| 016 |
7 |
|
|a 411334-2
|2 DE-600
|
| 016 |
7 |
|
|a 012269662
|2 de-101
|
| 016 |
7 |
|
|a 4113342
|2 de-600
|
| 019 |
|
|
|a 243551673
|
| 022 |
0 |
|
|a 0020-4285
|l 0020-4285
|2 1
|
| 029 |
1 |
|
|a NZ1
|b 3937277
|
| 029 |
1 |
|
|a NZ1
|b 4479736
|
| 029 |
1 |
|
|a AU@
|b 000000907025
|
| 029 |
1 |
|
|a GBVCP
|b 16711137X
|
| 035 |
|
|
|a (OCoLC)ocm01753307
|
| 035 |
|
|
|a (OCoLC)1753307
|z (OCoLC)243551673
|
| 037 |
|
|
|b The Instructor Publications Inc., 7 Bank Street, Dansville, NY 14437
|
| 040 |
|
|
|a DLC
|b eng
|c MUL
|d OCL
|d COO
|d HUL
|d NSD
|d DLC
|d NSD
|d OCL
|d NST
|d DLC
|d NST
|d AIP
|d NST
|d AIP
|d NST
|d AIP
|d NST
|d NSD
|d HUL
|d NST
|d HUL
|d IUL
|d NST
|d OCLCQ
|d LVB
|d OCLCQ
|d GBVCP
|d MOF
|d OCLCF
|d OCLCO
|d UtOrBLW
|
| 042 |
|
|
|a nsdp
|a pcc
|
| 049 |
|
|
|a TXAM
|
| 050 |
0 |
0 |
|a L11
|b .N74
|
| 082 |
1 |
0 |
|a 370
|2 11
|
| 130 |
0 |
|
|a Instructor (Dansville, N.Y.)
|
| 210 |
0 |
|
|a Instructor
|b (1931)
|
| 222 |
|
0 |
|a Instructor
|b (1931)
|
| 245 |
1 |
0 |
|a Instructor.
|
| 264 |
|
1 |
|a [Dansville, N.Y., etc.] :
|b [Instructor Publications]
|
| 300 |
|
|
|a 51 volumes :
|b illustrations ;
|c 33-36 cm.
|
| 310 |
|
|
|a Monthly (except June and July)
|
| 321 |
|
|
|a Monthly (except July and Aug.)
|
| 336 |
|
|
|a text
|b txt
|2 rdacontent
|
| 337 |
|
|
|a unmediated
|b n
|2 rdamedia
|
| 338 |
|
|
|a volume
|b nc
|2 rdacarrier
|
| 362 |
1 |
|
|a Began with: Vol. 40, no. 8 (June 1931); ceased with: Vol. 90, no. 9 (April 1981).
|
| 530 |
|
|
|a Available on microfilm from University Microfilms.
|
| 555 |
|
|
|a Cumulative index: Aug. 1966-71.
|
| 580 |
|
|
|a Merged with: Teacher (Stamford, Conn.), to become: Instructor and teacher.
|
| 650 |
|
0 |
|a Education
|v Periodicals.
|0 http://id.loc.gov/authorities/subjects/sh2008102639
|
| 650 |
|
6 |
|a Éducation
|v Périodiques.
|
| 650 |
|
7 |
|a Education.
|2 fast
|0 (OCoLC)fst00902499
|
| 655 |
|
7 |
|a Periodicals.
|2 fast
|0 (OCoLC)fst01411641
|
| 776 |
0 |
8 |
|i Online version:
|t Instructor (Dansville, N.Y.)
|w (OCoLC)559322449
|
| 780 |
0 |
0 |
|t Normal instructor and primary plans
|w (DLC)sn 88017788
|w (OCoLC)7536275
|
| 785 |
1 |
7 |
|t Teacher (Stamford, Conn.)
|x 0148-6578
|w (DLC) 72626474
|w (OCoLC)2620628
|
| 785 |
1 |
7 |
|t Instructor and teacher
|x 0279-3369
|w (DLC) 81646339
|w (OCoLC)7372889
|
| 850 |
|
|
|a AzTeS
|a AzU
|a CLU
|a CNoS
|a CU-Riv
|a CaMWUC
|a CaNSHMS
|a CaOLU
|a CoU
|a DLC
|a ICL
|a IaU
|a InLP
|a InU
|a KyU
|a LU
|a MH-Ed
|a MMeT
|a MiU
|a MoKU
|a MoSU
|a MoU
|a NSyU
|a NcRS
|a NcU
|a NjR
|a OU
|a OrU
|a P
|a PU
|a TxDaM
|a TxLT
|a TxU
|a ViBlbV
|a ViU
|a VtMiM
|
| 949 |
|
|
|a updated
|b h
|c 2016/5/10
|e spoltoratski
|f 10:42:23 am
|
| 994 |
|
|
|a C0
|b TXA
|
| 999 |
f |
f |
|s 5fbbb9d9-2789-39a2-a1fe-7ba3ceba5571
|i 43868832-ec5b-32f4-a4bc-43c5b43b3cf3
|t 0
|
| 952 |
f |
f |
|p serial
|a Texas A&M University
|b College Station
|c Sterling C. Evans Library
|d Evans: Library Stacks
|t 0
|e L11 .N74
|h Library of Congress classification
|i unmediated -- volume
|k v.69:no.1 -v.69:no.5
|l 1959-1959
|m A14821415851
|
| 952 |
f |
f |
|p serial
|a Texas A&M University
|b College Station
|c Sterling C. Evans Library
|d Evans: Library Stacks
|t 0
|e L11 .N74
|h Library of Congress classification
|i unmediated -- volume
|k v.77:no.1 -v.77:no.5
|l 1967-1968
|m A14821415657
|
| 952 |
f |
f |
|p serial
|a Texas A&M University
|b College Station
|c Sterling C. Evans Library
|d Evans: Library Stacks
|t 0
|e L11 .N74
|h Library of Congress classification
|i unmediated -- volume
|k v.78:no.1 -v.78:no.5
|l 1968-1969
|m A14821415152
|
| 952 |
f |
f |
|p serial
|a Texas A&M University
|b College Station
|c Sterling C. Evans Library
|d Evans: Library Stacks
|t 0
|e L11 .N74
|h Library of Congress classification
|i unmediated -- volume
|k v.78:no.6 -v.78:no.10
|l 1979-1979
|m A14821415843
|
| 952 |
f |
f |
|p ric
|a Texas A&M University
|b Rellis Campus
|c Joint Library Facility
|d Remote Storage
|t 0
|e L11 .N74 [microfilm]
|h Library of Congress classification
|i unmediated -- volume
|k v.87-88
|l 1977:Aug.-1979:May [microfilm]
|m A14843578999
|
| 952 |
f |
f |
|p serial
|a Texas A&M University
|b College Station
|c Sterling C. Evans Library
|d Evans: Library Stacks
|t 0
|e L11 .N74
|h Library of Congress classification
|i unmediated -- volume
|k v.80:no.6 -v.80:no.10
|l 1971-1971
|m A14821415291
|
| 952 |
f |
f |
|p serial
|a Texas A&M University
|b College Station
|c Sterling C. Evans Library
|d Evans: Library Stacks
|t 0
|e L11 .N74
|h Library of Congress classification
|i unmediated -- volume
|k v.88:no.1 -v.88:no.5
|l 1978-1978
|m A14821415259
|
| 952 |
f |
f |
|p serial
|a Texas A&M University
|b College Station
|c Sterling C. Evans Library
|d Evans: Library Stacks
|t 0
|e L11 .N74
|h Library of Congress classification
|i unmediated -- volume
|k v.86:no.1 -v.86:no.5
|l 1976-1977
|m A14821415209
|
| 952 |
f |
f |
|p serial
|a Texas A&M University
|b College Station
|c Sterling C. Evans Library
|d Evans: Library Stacks
|t 0
|e L11 .N74
|h Library of Congress classification
|i unmediated -- volume
|k v.89:no.6 -v.89:no.10
|l 1980-1980
|m A14821411019
|
| 952 |
f |
f |
|p serial
|a Texas A&M University
|b College Station
|c Sterling C. Evans Library
|d Evans: Library Stacks
|t 0
|e L11 .N74
|h Library of Congress classification
|i unmediated -- volume
|k v.75:no.1 -v.75:no.5
|l 1965-1966
|m A14821415990
|
| 952 |
f |
f |
|p ric
|a Texas A&M University
|b Rellis Campus
|c Joint Library Facility
|d Remote Storage
|t 0
|e L11 .N74 [microfilm]
|h Library of Congress classification
|i unmediated -- volume
|k v.90
|l 1980:Aug./1981:Apr. [microfilm]
|m A14843578973
|
| 952 |
f |
f |
|p serial
|a Texas A&M University
|b College Station
|c Sterling C. Evans Library
|d Evans: Library Stacks
|t 0
|e L11 .N74
|h Library of Congress classification
|i unmediated -- volume
|k v.76:no.1 -v.76:no.5
|l 1966-1966
|m A14821415746
|
| 952 |
f |
f |
|p serial
|a Texas A&M University
|b College Station
|c Sterling C. Evans Library
|d Evans: Library Stacks
|t 0
|e L11 .N74
|h Library of Congress classification
|i unmediated -- volume
|k v.88:no.6 -v.88:no.10
|l 1979-1979
|m A14821415568
|
| 952 |
f |
f |
|p serial
|a Texas A&M University
|b College Station
|c Sterling C. Evans Library
|d Evans: Library Stacks
|t 0
|e L11 .N74
|h Library of Congress classification
|i unmediated -- volume
|k v.85:no.6 -v.85:no.10
|l 1976-1976
|m A14811353065
|
| 952 |
f |
f |
|p serial
|a Texas A&M University
|b College Station
|c Sterling C. Evans Library
|d Evans: Library Stacks
|t 0
|e L11 .N74
|h Library of Congress classification
|i unmediated -- volume
|k v.84:no.6 -v.84:no.10
|l 1975-1975
|m A14821415398
|
| 952 |
f |
f |
|p serial
|a Texas A&M University
|b College Station
|c Sterling C. Evans Library
|d Evans: Library Stacks
|t 0
|e L11 .N74
|h Library of Congress classification
|i unmediated -- volume
|k v.80:no.1 -v.80:no.5
|l 1970-1971
|m A14821415241
|
| 952 |
f |
f |
|p ric
|a Texas A&M University
|b Rellis Campus
|c Joint Library Facility
|d Remote Storage
|t 0
|e L11 .N74 [microfilm]
|h Library of Congress classification
|i unmediated -- volume
|k v.85-86
|l 1975:Aug,-1977:May
|m A14843578775
|
| 952 |
f |
f |
|p serial
|a Texas A&M University
|b College Station
|c Sterling C. Evans Library
|d Evans: Library Stacks
|t 0
|e L11 .N74
|h Library of Congress classification
|i unmediated -- volume
|k v.70:no.6 -v.70:no.10
|l 1961-1961
|m A14821415754
|
| 952 |
f |
f |
|p serial
|a Texas A&M University
|b College Station
|c Sterling C. Evans Library
|d Evans: Library Stacks
|t 0
|e L11 .N74
|h Library of Congress classification
|i unmediated -- volume
|k v.72:no.1 -v.72:no.5
|l 1962-1963
|m A14821415364
|
| 952 |
f |
f |
|p ric
|a Texas A&M University
|b Rellis Campus
|c Joint Library Facility
|d Remote Storage
|t 0
|e L11 .N74 [microfilm]
|h Library of Congress classification
|i unmediated -- volume
|k v.81
|l 1971:Aug./1972:July [microfilm]
|m A14843578817
|
| 952 |
f |
f |
|p serial
|a Texas A&M University
|b College Station
|c Sterling C. Evans Library
|d Evans: Library Stacks
|t 0
|e L11 .N74
|h Library of Congress classification
|i unmediated -- volume
|k v.73:no.6 -v.73:no.10
|l 1964-1964
|m A14821415500
|
| 952 |
f |
f |
|p serial
|a Texas A&M University
|b College Station
|c Sterling C. Evans Library
|d Evans: Library Stacks
|t 0
|e L11 .N74
|h Library of Congress classification
|i unmediated -- volume
|k v.67:no.1 -v.67:no.5
|l 1957-1958
|m A14821415160
|
| 952 |
f |
f |
|p serial
|a Texas A&M University
|b College Station
|c Sterling C. Evans Library
|d Evans: Library Stacks
|t 0
|e L11 .N74
|h Library of Congress classification
|i unmediated -- volume
|k v.87:no.1 -v.87:no.5
|l 1977-1977
|m A14821415461
|
| 952 |
f |
f |
|p serial
|a Texas A&M University
|b College Station
|c Sterling C. Evans Library
|d Evans: Library Stacks
|t 0
|e L11 .N74
|h Library of Congress classification
|i unmediated -- volume
|k v.62:no.1 -v.62:no.5
|l 1952-1953
|m A14821415314
|
| 952 |
f |
f |
|p serial
|a Texas A&M University
|b College Station
|c Sterling C. Evans Library
|d Evans: Library Stacks
|t 0
|e L11 .N74
|h Library of Congress classification
|i unmediated -- volume
|k v.81:no.1 -v.81:no.10
|l 1972-1972
|m A14821415940
|
| 952 |
f |
f |
|p serial
|a Texas A&M University
|b College Station
|c Sterling C. Evans Library
|d Evans: Library Stacks
|t 0
|e L11 .N74
|h Library of Congress classification
|i unmediated -- volume
|k v.75:no.2 -v.10
|l 1966-1967
|m A14821415796
|
| 952 |
f |
f |
|p serial
|a Texas A&M University
|b College Station
|c Sterling C. Evans Library
|d Evans: Library Stacks
|t 0
|e L11 .N74
|h Library of Congress classification
|i unmediated -- volume
|k v.76:no.6 -v.76:no.10
|l 1967-1967
|m A14821415356
|
| 952 |
f |
f |
|p ric
|a Texas A&M University
|b Rellis Campus
|c Joint Library Facility
|d Remote Storage
|t 0
|e L11 .N74 [microfilm]
|h Library of Congress classification
|i unmediated -- volume
|k v.89
|l 1979:Aug./1980:May [microfilm]
|m A14843578981
|
| 952 |
f |
f |
|p serial
|a Texas A&M University
|b College Station
|c Sterling C. Evans Library
|d Evans: Library Stacks
|t 0
|e L11 .N74
|h Library of Congress classification
|i unmediated -- volume
|k v.81:no.1 -v.81:no.5
|l 1971-1972
|m A14821416043
|
| 952 |
f |
f |
|p serial
|a Texas A&M University
|b College Station
|c Sterling C. Evans Library
|d Evans: Library Stacks
|t 0
|e L11 .N74
|h Library of Congress classification
|i unmediated -- volume
|k v.69:no.6 -v.69:no.10
|l 1960-1960
|m A14821415908
|
| 952 |
f |
f |
|p serial
|a Texas A&M University
|b College Station
|c Sterling C. Evans Library
|d Evans: Library Stacks
|t 0
|e L11 .N74
|h Library of Congress classification
|i unmediated -- volume
|k v.77:no.6 -v.77:no.10
|l 1968-1968
|m A14821415102
|
| 952 |
f |
f |
|p ric
|a Texas A&M University
|b Rellis Campus
|c Joint Library Facility
|d Remote Storage
|t 0
|e L11 .N74 [microfilm]
|h Library of Congress classification
|i unmediated -- volume
|k v.83
|l 1973:Aug,/1974:July [microfilm]
|m A14843578791
|
| 952 |
f |
f |
|p serial
|a Texas A&M University
|b College Station
|c Sterling C. Evans Library
|d Evans: Library Stacks
|t 0
|e L11 .N74
|h Library of Congress classification
|i unmediated -- volume
|k v.79:no.6 -v.79:no.10
|l 1979-1979
|m A14821415194
|
| 952 |
f |
f |
|p serial
|a Texas A&M University
|b College Station
|c Sterling C. Evans Library
|d Evans: Library Stacks
|t 0
|e L11 .N74
|h Library of Congress classification
|i unmediated -- volume
|k v.68:no.6 -v.68:no.10
|l 1959-1959
|m A14821415267
|
| 952 |
f |
f |
|p serial
|a Texas A&M University
|b College Station
|c Sterling C. Evans Library
|d Evans: Library Stacks
|t 0
|e L11 .N74
|h Library of Congress classification
|i unmediated -- volume
|k v.82:no.3 -v.82:no.5
|l 1972-1972
|m A14821415592
|
| 952 |
f |
f |
|p serial
|a Texas A&M University
|b College Station
|c Sterling C. Evans Library
|d Evans: Library Stacks
|t 0
|e L11 .N74
|h Library of Congress classification
|i unmediated -- volume
|k v.67:no.6 -v.67:no.10
|l 1958-1958
|m A14821415801
|
| 952 |
f |
f |
|p serial
|a Texas A&M University
|b College Station
|c Sterling C. Evans Library
|d Evans: Library Stacks
|t 0
|e L11 .N74
|h Library of Congress classification
|i unmediated -- volume
|k v.90:no.3-5
|l 1980:Oct.-Dec.
|m A14839674883
|
| 952 |
f |
f |
|p serial
|a Texas A&M University
|b College Station
|c Sterling C. Evans Library
|d Evans: Library Stacks
|t 0
|e L11 .N74
|h Library of Congress classification
|i unmediated -- volume
|k v.86:no.6 -v.86:no.10
|l 1977-1977
|m A14821415704
|
| 952 |
f |
f |
|p serial
|a Texas A&M University
|b College Station
|c Sterling C. Evans Library
|d Evans: Library Stacks
|t 0
|e L11 .N74
|h Library of Congress classification
|i unmediated -- volume
|k v.70:no.1 -v.70:no.5
|l 1960-1960
|m A14821415958
|
| 952 |
f |
f |
|p serial
|a Texas A&M University
|b College Station
|c Sterling C. Evans Library
|d Evans: Library Stacks
|t 0
|e L11 .N74
|h Library of Congress classification
|i unmediated -- volume
|k v.75:no.6 -v.75:no.10
|l 1966-1966
|m A14821415699
|
| 952 |
f |
f |
|p ric
|a Texas A&M University
|b Rellis Campus
|c Joint Library Facility
|d Remote Storage
|t 0
|e L11 .N74 [microfilm]
|h Library of Congress classification
|i unmediated -- volume
|k v.84
|l 1974:Aug./1975:June [microfilm]
|m A14843578783
|
| 952 |
f |
f |
|p serial
|a Texas A&M University
|b College Station
|c Sterling C. Evans Library
|d Evans: Library Stacks
|t 0
|e L11 .N74
|h Library of Congress classification
|i unmediated -- volume
|k v.79:no.1 -v.79:no.5
|l 1969-1970
|m A14821415893
|
| 952 |
f |
f |
|p serial
|a Texas A&M University
|b College Station
|c Sterling C. Evans Library
|d Evans: Library Stacks
|t 0
|e L11 .N74
|h Library of Congress classification
|i unmediated -- volume
|k v.82:no.1 -v.82:no.2
|l 1972-1972
|m A14821415542
|
| 952 |
f |
f |
|p serial
|a Texas A&M University
|b College Station
|c Sterling C. Evans Library
|d Evans: Library Stacks
|t 0
|e L11 .N74
|h Library of Congress classification
|i unmediated -- volume
|k v.71:no.1 -v.71:no.5
|l 1961-1961
|m A14821416001
|
| 952 |
f |
f |
|p serial
|a Texas A&M University
|b College Station
|c Sterling C. Evans Library
|d Evans: Library Stacks
|t 0
|e L11 .N74
|h Library of Congress classification
|i unmediated -- volume
|k v.84:no.1 -v.84:no.5
|l 1974-1975
|m A14821415348
|
| 952 |
f |
f |
|p serial
|a Texas A&M University
|b College Station
|c Sterling C. Evans Library
|d Evans: Library Stacks
|t 0
|e L11 .N74
|h Library of Congress classification
|i unmediated -- volume
|k v.90:no.6 -v.90:no.8
|l 1981-1981
|m A14821410128
|
| 952 |
f |
f |
|p serial
|a Texas A&M University
|b College Station
|c Sterling C. Evans Library
|d Evans: Library Stacks
|t 0
|e L11 .N74
|h Library of Congress classification
|i unmediated -- volume
|k v.71:no.6 -v.71:no.10
|l 1962-1962
|m A14821416051
|
| 952 |
f |
f |
|p serial
|a Texas A&M University
|b College Station
|c Sterling C. Evans Library
|d Evans: Library Stacks
|t 0
|e L11 .N74
|h Library of Congress classification
|i unmediated -- volume
|k v.85:no.1 -v.85:no.5
|l 1975-1975
|m A14821415306
|
| 952 |
f |
f |
|p serial
|a Texas A&M University
|b College Station
|c Sterling C. Evans Library
|d Evans: Library Stacks
|t 0
|e L11 .N74
|h Library of Congress classification
|i unmediated -- volume
|k v.82:no.6 -v.82:no.10
|l 1973-1973
|m A14821415649
|
| 952 |
f |
f |
|p serial
|a Texas A&M University
|b College Station
|c Sterling C. Evans Library
|d Evans: Library Stacks
|t 0
|e L11 .N74
|h Library of Congress classification
|i unmediated -- volume
|k v.87:no.6 -v.87:n.10
|l 1978-1978
|m A14821415518
|
| 952 |
f |
f |
|p serial
|a Texas A&M University
|b College Station
|c Sterling C. Evans Library
|d Evans: Library Stacks
|t 0
|e L11 .N74
|h Library of Congress classification
|i unmediated -- volume
|k v.83:no.1 -v.83:no.5
|l 1973-1974
|m A14821415445
|
| 952 |
f |
f |
|p ric
|a Texas A&M University
|b Rellis Campus
|c Joint Library Facility
|d Remote Storage
|t 0
|e L11 .N74 [microfilm]
|h Library of Congress classification
|i unmediated -- volume
|k v.82
|l 1972:Aug./1973:July [microfilm]
|m A14843578809
|
| 952 |
f |
f |
|p serial
|a Texas A&M University
|b College Station
|c Sterling C. Evans Library
|d Evans: Library Stacks
|t 0
|e L11 .N74
|h Library of Congress classification
|i unmediated -- volume
|k v.62:no.6 -v.62:no.10
|l 1953-1953
|m A14821415110
|
| 952 |
f |
f |
|p serial
|a Texas A&M University
|b College Station
|c Sterling C. Evans Library
|d Evans: Library Stacks
|t 0
|e L11 .N74
|h Library of Congress classification
|i unmediated -- volume
|k v.74:no.1 -v.74:no.5
|l 1964-1964
|m A14821415550
|
| 952 |
f |
f |
|p serial
|a Texas A&M University
|b College Station
|c Sterling C. Evans Library
|d Evans: Library Stacks
|t 0
|e L11 .N74
|h Library of Congress classification
|i unmediated -- volume
|k v.72:no.6 -v.72:no.10
|l 1963-1963
|m A14821415403
|
| 952 |
f |
f |
|p serial
|a Texas A&M University
|b College Station
|c Sterling C. Evans Library
|d Evans: Library Stacks
|t 0
|e L11 .N74
|h Library of Congress classification
|i unmediated -- volume
|k v.83:no.6 -v.83:no.10
|l 1974-1974
|m A14821415495
|
| 952 |
f |
f |
|p serial
|a Texas A&M University
|b College Station
|c Sterling C. Evans Library
|d Evans: Library Stacks
|t 0
|e L11 .N74
|h Library of Congress classification
|i unmediated -- volume
|k v.68:no.1 -v.68:no.5
|l 1958-1959
|m A14821415217
|
| 952 |
f |
f |
|p serial
|a Texas A&M University
|b College Station
|c Sterling C. Evans Library
|d Evans: Library Stacks
|t 0
|e L11 .N74
|h Library of Congress classification
|i unmediated -- volume
|k v.73:no.1 -v.73:no.5
|l 1963-1963
|m A14821415453
|
| 952 |
f |
f |
|p serial
|a Texas A&M University
|b College Station
|c Sterling C. Evans Library
|d Evans: Library Stacks
|t 0
|e L11 .N74
|h Library of Congress classification
|i unmediated -- volume
|k v.89:no.1 -v.89:no.5
|l 1979-1979
|m A14821415411
|
| 952 |
f |
f |
|p serial
|a Texas A&M University
|b College Station
|c Sterling C. Evans Library
|d Evans: Library Stacks
|t 0
|e L11 .N74
|h Library of Congress classification
|i unmediated -- volume
|k v.74:no.6 -v.74:no.10
|l 1965-1965
|m A14821415607
|
| 998 |
f |
f |
|a L11 .N74 [microfilm]
|s v.81-90 (1971-1981)
|t 0
|l Remote Storage
|
| 998 |
f |
f |
|a L11 .N74
|s v.90:no.3-8 (1980/1981:Oct-Mar)
|t 0
|l Evans: Library Stacks
|